Normal view
MARC view
- Winston, Clifford,
Entry Personal Name
001 - CONTROL NUMBER
- control field: 25006
003 - CONTROL NUMBER IDENTIFIER
- control field: NUST
005 - DATE AND TIME OF LATEST TRANSACTION
- control field: 20191030093704.0
008 - FIXED-LENGTH DATA ELEMENTS
- fixed length control field: 191030|| aca||aabn | a|a d
040 ## - CATALOGING SOURCE
- Original cataloging agency: NUST
- Transcribing agency: NUST
100 ## - HEADING--PERSONAL NAME
- Personal name: Winston, Clifford,
- Dates associated with a name: 1952-
670 ## - SOURCE DATA FOUND
- Source citation: Work cat.: (NUST)0: Essays in transportation economics and policy :, c1999.
